Jaka jest godzina?? - Statystyki

Ogólne statystyki
  • Ten quiz został rozwiązany 14 razy
  • Średni wynik to 9 z 15
Statystyki odpowiedzi
Godzina w 1 miejscowości godzina w drugiej miejscowości % Poprawnych
Gdy w sejnach jest godzina 10:00 to w Berlinie jest... 10
100%
Gdy w Los angeles jest godzina 06:00 to w Pekinie jest... 21
85%
Gdy w Jerozolimie jest godzina 08:00 to w Moskwie jest... 9
69%
Gdy w Warszawie jest godzina 01:00 to w Skopje jest... 1
62%
Gdy w Waszyngotonie jest godzina 22:00 to w Żorach jest... 2
62%
Gdy w Buenos Aires jest godzina 03:00 to w Biłgoraju jest... 7
62%
Gdy w Bratysławie jest godzina 10:00 to w Mediolanie jest... 10
54%
Gdy w Canberze jest godzina 04:00 to w Newark jest... 13
54%
Gdy w Dakarze jest godzina 05:00 to w Tokio jest... 14
54%
Gdy w katowicah jest godzina 06:00 to w Sydney jest... 16
54%
Gdy w Amsterdamie jest godzina 15:00 to w Astanie jest... 20
54%
Gdy w Rabacie jest godzina 18:00 to w Dodomie jest... 21
54%
Gdy w Bziach górnych jest godzina 08:00 to w Ohio jest... 3
54%
Gdy w San marino jest godzina 14:00 to w Kingston(JAM) jest... 8
54%
Gdy w Machesterze jest godzina 07:00 to w Monachium jest... 8
54%
Nie znaleziono quizów pasujących do podanych kryteriów
Rozkład punktacji
Procent ludzi z każdym wynikiem
Percentyl według liczby udzielonych odpowiedzi
Twoja historia wyników
Nie rozwiązałeś tego quizu